Faculty of Law Library — Cairo University

Official Online Catalog

الوسائل القانونية للطعن فى الأحكام الجنائية / (Record no. 41691)

MARC details
000 -LEADER
fixed length control field 01154nam a22003257a 4500
003 - CONTROL NUMBER IDENTIFIER
control field EG-GICUC
005 - DATE AND TIME OF LATEST TRANSACTION
control field 20260121101156.0
008 - FIXED-LENGTH DATA ELEMENTS--GENERAL INFORMATION
fixed length control field 251107s1987 ua ||||fr|||| 00| 0 ara d
017 ## - COPYRIGHT OR LEGAL DEPOSIT NUMBER
Copyright or legal deposit number 1987/8306
020 ## - INTERNATIONAL STANDARD BOOK NUMBER
International Standard Book Number 9773071227
040 ## - CATALOGING SOURCE
Original cataloging agency EG-GICUC
Language of cataloging ara
Transcribing agency EG-GICUC
Modifying agency EG-GICUC
Description conventions rda
041 ## - LANGUAGE CODE
Language code of text/sound track or separate title ara
082 04 - DEWEY DECIMAL CLASSIFICATION NUMBER
Edition number 21
Classification number 343.384
Item number أ ح . و
092 04 - LOCALLY ASSIGNED DEWEY CALL NUMBER (OCLC)
Edition number 21
099 ## - LOCAL FREE-TEXT CALL NUMBER (OCLC)
Classification number Law1 10 343.384 1 ed - 1987
100 0# - MAIN ENTRY--PERSONAL NAME
Personal name أحمد صبحى العطار
Relator term مؤلف.
245 ## - TITLE STATEMENT
Title الوسائل القانونية للطعن فى الأحكام الجنائية /
Statement of responsibility, etc. أحمد صبحى العطار
250 ## - EDITION STATEMENT
Edition statement الطبعة الأولى
264 ## - PRODUCTION, PUBLICATION, DISTRIBUTION, MANUFACTURE, AND COPYRIGHT NOTICE
Place of production, publication, distribution, manufacture القاهرة :
Name of producer, publisher, distributor, manufacturer مكتبة سيد عبدالله وهبة ,
Date of production, publication, distribution, manufacture, or copyright notice 1987.
300 ## - PHYSICAL DESCRIPTION
Extent 240 صفحة;
Dimensions 24 سم
336 ## - CONTENT TYPE
Source rda content
Content type term text
337 ## - MEDIA TYPE
Source rda media
Media type term Computer
338 ## - CARRIER TYPE
Source rda carrier
Carrier type term Online Resource
546 ## - LANGUAGE NOTE
Language note النص باللغة العربية
650 1# - SUBJECT ADDED ENTRY--TOPICAL TERM
Topical term or geographic name entry element قانون جنائي
650 1# - SUBJECT ADDED ENTRY--TOPICAL TERM
Topical term or geographic name entry element طرق الطعن في الأحكام الجنائية
856 40 - ELECTRONIC LOCATION AND ACCESS
Uniform Resource Identifier <a href="https://fll.law.cu.edu.eg/fulltext/bks/B10-05817.pdf">https://fll.law.cu.edu.eg/fulltext/bks/B10-05817.pdf</a>
905 ## - Cataloger and Reviser Names
Cataloger Name: Marwa
Revisor Name: Yara
942 ## - ADDED ENTRY ELEMENTS (KOHA)
Source of classification or shelving scheme Dewey Decimal Classification
Koha item type Books
Edition 21
Suppress in OPAC No
Holdings
Withdrawn status Lost status Source of classification or shelving scheme Damaged status Not for loan Collection Home library Current library Date acquired Total checkouts Full call number Barcode Date last seen Copy number Price effective from Koha item type
    Dewey Decimal Classification   Not for loan القانون الجنائي جــــامعة القــاهرة مكتبة كلية الحقوق - المبنى الرئيسي 07.11.2025   Law1 10 343.384 أ ح . و 1 ed - 1987 1005817 C1 B10-05817 07.11.2025 1 07.11.2025 Books
    Dewey Decimal Classification     القانون الجنائي جــــامعة القــاهرة مكتبة كلية الحقوق - المبنى الرئيسي 24.01.2026   Law1 10 343.384 أ ح . و 1 ed - 1987 1006011 C2 B10-06011 24.01.2026 2 24.01.2026 Books

© All rights reserved — Faculty of Law, Cairo University